| 000 | 01279nam a22002895a 4500 | ||
|---|---|---|---|
| 003 | OSt | ||
| 005 | 20170311134836.0 | ||
| 008 | 170309s2013 ua frb 000 0 ara d | ||
| 015 | _a2014 / 21761 | ||
| 020 | _a9789770476642 | ||
| 040 |
_aEG-ScBUE _bara _cEG-ScBUE |
||
| 043 |
_af-ua--- _aa-ba--- |
||
| 082 | 0 | 4 |
_a343.0252 _bس ل ي _222 |
| 100 | 1 | _aسليم، الهيثم عمر. | |
| 245 | 1 | 0 |
_aعدالة التعويض عن نزع الملكية الخاصة والاستملاك للمنفعة العامة في القانونين المصري والبحريني : _bدراسة مقارنة / _cالهيثم عمر سليم. |
| 250 | _aط. 1. | ||
| 260 |
_aالقاهرة : _bدار النهضة العربية، _c2013. |
||
| 300 |
_a162 ص. ؛ _c24 سم. |
||
| 504 | _aيشتمل على إرجاعات ببليوجرافية. | ||
| 650 | 7 |
_aنزع الملكية _xقوانين وتشريعات _zمصر. _2BUEsh |
|
| 650 | 7 |
_aالملكية الخاصة _xقوانين وتشريعات _zمصر. _2BUEsh |
|
| 650 | 7 |
_aنزع الملكية _xقوانين وتشريعات _zالبحرين. _2BUEsh |
|
| 650 | 7 |
_aالملكية الخاصة _xقوانين وتشريعات _zالبحرين. _2BUEsh |
|
| 651 | _2BUEsh | ||
| 653 |
_bLLAAWW _cMarch2017 |
||
| 942 | _2ddc | ||
| 999 |
_c24371 _d24343 |
||